Tenho 3 Anos (Registo nº 202849)

Detalhes MARC
000 -Etiqueta do registo
Valores 00743nam 22002293 4500
010 ## - Número ISBN
ISBN 978-972-20-8394-2
021 ## - Número do Depósito Legal
Código do país Portugal
Número 535255/24
100 ## - Dados gerais de processamento
Dados gerais 20260702d u||y0pory50 ba
200 ## - Titulo e menção de responsabilidade
Título próprio Tenho 3 Anos
Informação de outro título o meu procura e encontra
Primeira menção de responsabilidade [Disney]
Outras menções de responsabilidade ilustrações Sandrine Lamour
205 ## - Menção da edição
Edição
210 ## - Publicação
Local de publicação Alfragide
Nome do editor Publicações Dom Quixote
Data de publicação 2025
215 ## - Descrição física 
Paginação / Volumes [20] p.
Outras indicações físicas il. ; cartonado
Dimensões 30 cm
300 ## - Notas gerais 
Texto da nota Mais de 50 elementos escondidos.<br/>Um grande livro de brincar para os mais pequenos
606 ## - Nome comum usado como assunto
ID Autoridade 47
Palavra de ordem Literatura Infantil Americana
675 ## - CDU
Notação 821.111(73)-93
Edição PT
Língua por
700 ## - Autor principal (pessoa individual)
ID Autoridade 233
Apelido [Disney]
702 ## - Autor secundário (pessoa individual)
ID Autoridade 17698
Apelido Lamour
Nome Sandrine
801 ## - Fonte de origem
País PT
Agência BMMN
Regras de catalogação RPC
830 ## - Notas gerais do catalogador
Criado por Isabel
990 ## - Elementos KOHA
Tipo de documento Livro
Exemplares
Situação do levantamento Biblioteca de origem Código de barras Cota Permissão de empréstimo Tipo de documento Forma de aquisição
  Biblioteca Municipal de Montemor-o-Novo 32371 821.111(73)-93 DIS|AIJ   Livro Oferta

Powered by Koha